Online katalóg knižníc regiónu Turca

Rockový sen (Record no. 21005)

MARC details
000 -LEADER
fixed length control field 01303nam a2200421 a 4500
001 - CONTROL NUMBER
control field 21005
003 - CONTROL NUMBER IDENTIFIER
control field VRT
005 - DATE AND TIME OF LATEST TRANSACTION
control field 20260210143009.0
008 - FIXED-LENGTH DATA ELEMENTS--GENERAL INFORMATION
fixed length control field 240318s2017 xr g 000 f slo
015 ## - NATIONAL BIBLIOGRAPHY NUMBER
National bibliography number SNBZSA2018/01
020 ## - INTERNATIONAL STANDARD BOOK NUMBER
International Standard Book Number 9788072439713
Qualifying information (viazané)
035 ## - SYSTEM CONTROL NUMBER
System control number urn:nbn:sk:snk-am00dged
035 ## - SYSTEM CONTROL NUMBER
System control number urn:nbn:sk:snk-am3i1ed
035 ## - SYSTEM CONTROL NUMBER
System control number 2E1C2D22-E99A-49B4-813C-C1057FC8036F
039 #9 - LEVEL OF BIBLIOGRAPHIC CONTROL AND CODING DETAIL [OBSOLETE]
Level of rules in bibliographic description 202403182017
Level of effort used to assign nonsubject heading access points VLOAD
Level of effort used to assign subject headings 202003161051
Level of effort used to assign classification VLOAD
Level of effort used to assign subject headings 201904050914
Level of effort used to assign classification AUTHORITY
Level of effort used to assign subject headings 201802061329
Level of effort used to assign classification msnk131
040 ## - CATALOGING SOURCE
Original cataloging agency PPPK
Language of cataloging slo
Transcribing agency PPPK
Modifying agency SNK
Description conventions AACR2
041 0# - LANGUAGE CODE
Language code of text/sound track or separate title slo
044 ## - COUNTRY OF PUBLISHING/PRODUCING ENTITY CODE
MARC country code xr
ISO country code CZ
072 #7 - SUBJECT CATEGORY CODE
Subject category code 821.162.4
Subject category code subdivision Slovenská literatúra
Source konspekt
080 ## - UNIVERSAL DECIMAL CLASSIFICATION NUMBER
Universal Decimal Classification number 821.162.4-31
Edition identifier 2011
100 1# - MAIN ENTRY--PERSONAL NAME
Personal name Wurm, Monika,
Dates associated with a name 1983-
Relationship aut
245 10 - TITLE STATEMENT
Title Rockový sen
Statement of responsibility, etc. Monika Wurm
250 ## - EDITION STATEMENT
Edition statement 1. vyd.
260 ## - PUBLICATION, DISTRIBUTION, ETC.
Place of publication, distribution, etc. Praha
Name of publisher, distributor, etc. Brána
Date of publication, distribution, etc. 2017
300 ## - PHYSICAL DESCRIPTION
Extent 397 s.
Dimensions 21 cm
500 ## - GENERAL NOTE
General note Voľné pokračovanie knihy Rockové tango
655 #7 - INDEX TERM--GENRE/FORM
Genre/form data or focus term slovenské romány
Source of term SNKPH
655 #7 - INDEX TERM--GENRE/FORM
Genre/form data or focus term Slovak fiction
Source of term SNKPHeng
910 ## - USER-OPTION DATA (OCLC)
User-option data pppk
910 ## - USER-OPTION DATA (OCLC)
User-option data pokpoh
910 ## - USER-OPTION DATA (OCLC)
User-option data skpk
910 ## - USER-OPTION DATA (OCLC)
User-option data sllk
910 ## - USER-OPTION DATA (OCLC)
User-option data bjkdg
910 ## - USER-OPTION DATA (OCLC)
User-option data totk
910 ## - USER-OPTION DATA (OCLC)
User-option data snk
942 ## - ADDED ENTRY ELEMENTS (KOHA)
Source of classification or shelving scheme Dewey Decimal Classification
Koha item type Krásna literatúra pre dospelých
Suppress in OPAC No
949 ## - LOCAL PROCESSING INFORMATION (OCLC)
6 17A1307274
a snkSC 177683
b snk2018/1136
o Vydavatelství a nakladatelství Aleš Čeněk72-ah/11Int. č. fa - 74/2017
s 6100:20180409
Holdings
Stav vyradenia Strata Poškodenie Spôsob nadobudnutia Domovská knižnica Aktuálna knižnica Dátum nadobudnutia Cena Total checkouts Čiarový kód exemplára Date last seen Typ exemplára
      Kúpa Obecná knižnica Horná Štubňa Obecná knižnica Horná Štubňa 10.02.2026 11.90   9788072439713 10.02.2026 Krásna literatúra pre dospelých
Projekt je podporený Slovenskou asociáciou knižníc
Prevádzkuje Turčianska knižnica Martin 2026